Catálogo

El escándalo Watergate / (Registro nro. 30501)

Detalles MARC
000 -LEADER
fixed length control field 01552cam a2200409 i 4500
001 - CONTROL NUMBER
control field 30501
003 - CONTROL NUMBER IDENTIFIER
control field Mx-PuUPA
005 - DATE AND TIME OF LATEST TRANSACTION
control field 20251007103544.0
008 - FIXED-LENGTH DATA ELEMENTS--GENERAL INFORMATION
fixed length control field 140415s1974 sp ao gr 000 0 spa d
017 ## - COPYRIGHT OR LEGAL DEPOSIT NUMBER
Copyright or legal deposit number B. 40.481 - 1974
020 ## - INTERNATIONAL STANDARD BOOK NUMBER
International Standard Book Number 8473640063
040 ## - CATALOGING SOURCE
Transcribing agency Mx-PuUPA
Original cataloging agency Mx-PuUPA
Language of cataloging spa
Modifying agency Mx-PuUPA
Description conventions rda
041 1# - LANGUAGE CODE
Language code of text/sound track or separate title spa
Language code of original eng
043 ## - GEOGRAPHIC AREA CODE
Geographic area code n-us---
100 1# - MAIN ENTRY--PERSONAL NAME
Personal name Bernstein, Carl,
Dates associated with a name 1944-
9 (RLIN) 17542
Relator term autor
240 10 - UNIFORM TITLE
Uniform title All the president's men.
Language of a work Español
245 13 - TITLE STATEMENT
Title El escándalo Watergate /
Statement of responsibility, etc. C. Bernstein / B. Woodward ; versión española de Joaquín Adsuar Ortega
250 ## - EDITION STATEMENT
Edition statement 3a edición /
Remainder of edition statement septiembre
264 #1 - PRODUCTION, PUBLICATION, DISTRIBUTION, MANUFACTURE, AND COPYRIGHT NOTICE
Place of production, publication, distribution, manufacture Barcelona :
Name of producer, publisher, distributor, manufacturer Editorial Euros,
Date of production, publication, distribution, manufacture, or copyright notice 1974
300 ## - PHYSICAL DESCRIPTION
Extent 373 páginas, 16 páginas (sin numerar) :
Other physical details ilustraciones, fotografías (en blanco y negro) ;
Dimensions 22 cm
336 ## - CONTENT TYPE
Fuente rdacontent
Content type term texto
Content type code txt
336 ## - CONTENT TYPE
Fuente rdacontent
Content type term imagen fija
Content type code sti
337 ## - MEDIA TYPE
Source rdamedia
Media type term sin medio
Media type code n
338 ## - CARRIER TYPE
Source rdacarrier
Carrier type term volumen
Carrier type code nc
490 0# - SERIES STATEMENT
Series statement Colección Hora Cero
600 14 - SUBJECT ADDED ENTRY--PERSONAL NAME
Personal name Bernstein, Carl,
Dates associated with a name 1944
9 (RLIN) 17542
650 #7 - SUBJECT ADDED ENTRY--TOPICAL TERM
Source of heading or term armarc
Topical term or geographic name entry element Caso Watergate,
Chronological subdivision 1972-1974
650 #7 - SUBJECT ADDED ENTRY--TOPICAL TERM
Source of heading or term armarc
Topical term or geographic name entry element Corrupción política
Geographic subdivision Estados Unidos
651 #4 - SUBJECT ADDED ENTRY--GEOGRAPHIC NAME
Geographic name Estados Unidos
General subdivision Política y gobierno
Chronological subdivision 1974-1977
700 1# - ADDED ENTRY--PERSONAL NAME
Personal name Woodward, B.,
Relator term autor
700 1# - ADDED ENTRY--PERSONAL NAME
Personal name Adsuar Ortega, Joaquín,
Relator term traductor
765 0# - ORIGINAL LANGUAGE ENTRY
Main entry heading Bernstein, Carl, 1944-
Title All the president's men.
942 ## - ADDED ENTRY ELEMENTS (KOHA)
Source of classification or shelving scheme Dewey Decimal Classification
Koha item type Libro
Classification part 364.1320973
Item part B4818
Existencias
Withdrawn status Lost status Source of classification or shelving scheme Damaged status Not for loan Collection code Home library Current library Shelving location Date acquired Source of acquisition Total Checkouts Full call number Barcode Date last seen Price effective from Koha item type
    Dewey Decimal Classification     General Biblioteca Karol Wojtyla Biblioteca Karol Wojtyla Sala general 03/12/2013 Donación   364.1320973 B4818 1974 49918 05/01/2026 03/12/2013 Libro